000 01233nam a2200289Ia 4500
999 _c19770
_d19770
001 19903
003 DO-CoUTE
005 20260204212511.0
008 220102s9999 dr 000 0 spa d
040 _aDO-CoUTE
_bspa
_cDO-CoUTE
041 0 _aspa
090 _aBIO 2019 D46
100 1 _aDiplán Marmolejos, Nereida Altagracia
_esustentante
245 1 0 _aIncidencia de Sífilis en mujeres extranjeras que asisten en el Hospital Municipal de Cevicos / Nereida Altagracia Diplán Marmolejos, Adalgisa Rojas Castro, Yocaira Reynoso Marte ; asesor Rosa Altagracia Peña Suárez
260 _aCotuí, Republica Dominicana :
_bUTECO,
_c2019
300 _a40 hojas :
502 _aTrabajo de grado (Licenciatura en Bioanálisis)--Universidad Tecnológica del Cibao Oriental, 2019
504 _aIncluye referencia bibliográfica e índice
650 4 _aSífilis--Bioanálisis
700 1 _aReynoso Marte, Yocaira
_esustentante
700 1 _aRojas Castro, Adalgisa
_esustentante
700 1 _aPeña Suarez, Rosa Altagracia
_easesor
830 0 _aTesis y disertaciones académicas (Universidad Tecnológica del Cibao Oriental)
942 _2LC
_cTH